مكتبة جامعة عجلون الوطنية

فهرس بحث المكتبة

Integrated matrix analysis of structures :theory and computation (Record no. 2548)

MARC details
000 -LEADER
fixed length control field 00672nam a2200205Ii 4500
003 - CONTROL NUMBER IDENTIFIER
control field JO-AjNU
008 - FIXED-LENGTH DATA ELEMENTS--GENERAL INFORMATION
fixed length control field 230606s9999||||xx |||||||||||||| ||und||
020 ## - INTERNATIONAL STANDARD BOOK NUMBER
International Standard Book Number 978-0-7923-7308-7
040 ## - CATALOGING SOURCE
Original cataloging agency JO-AjNU
Language of cataloging eng
Description conventions rda
Transcribing agency JO-AjNU
041 ## - LANGUAGE CODE
Language code of text/sound track or separate title eng
050 14 - LIBRARY OF CONGRESS CALL NUMBER
Classification number TA646.P39 2001
100 3# - MAIN ENTRY--PERSONAL NAME
Personal name Paz,Mario/Leigh, william,
Relator term author
9 (RLIN) 4929
245 00 - TITLE STATEMENT
Title Integrated matrix analysis of structures :theory and computation
264 31 - PRODUCTION, PUBLICATION, DISTRIBUTION, MANUFACTURE, AND COPYRIGHT NOTICE
Place of production, publication, distribution, manufacture Boston :Kluwer academic pub,2001
300 ## - PHYSICAL DESCRIPTION
Extent 314p
336 ## - CONTENT TYPE
Content type term text
Content type code txt
Source rdacontent
337 ## - MEDIA TYPE
Media type term unmediated
Media type code n
Source rdamedia
338 ## - CARRIER TYPE
Carrier type term volume
Carrier type code nc
Source rdacarrier
650 #4 - SUBJECT ADDED ENTRY--TOPICAL TERM
Topical term or geographic name entry element Integrated matrix analysis of structures -theory-computation
9 (RLIN) 4930
Holdings
Withdrawn status Lost status Source of classification or shelving scheme Damaged status Not for loan Home library Current library Shelving location Date acquired Total Checkouts Full call number Barcode Date last seen Price effective from Koha item type
    Library of Congress Classification     مكتبة جامعة عجلون الوطنية مكتبة جامعة عجلون الوطنية المجموعات العامة 06/06/2023   TA646.P39 2001 E2550 06/06/2023 06/06/2023 Books